Cinéma français - Décodeur - Statistiques

Statistiques générales
  • Ce quiz a été pris 17 931 fois
    16 242 depuis la dernière actualisation
  • Le résultat moyen est 11 sur 20
Statistiques - réponses
Indice Réponse % Correct
Ville d'où est originaire Brice Nice
94%
Jeune garçon faisant la rencontre de "Minimoys" Arthur
91%
Frères français ayant projeté le premier film public en 1895 Lumière
91%
Duo de comiques héros du film La Tour Montparnasse infernale Éric et Ramzy
90%
Vois sur ton chemin est une chanson tirée de ce film Les Choristes
86%
Samy Naceri y incarne un chauffeur marseillais Taxi
85%
Titre d'un film de Colpi en 1970 d'après un poème de Bellay : Heureux qui comme ______ Ulysse
70%
Ville qui "ne répond plus" dans le titre du deuxième volet d'OSS 117 Rio
69%
Le gendarme Ludovic Cruchot est muté dans cette ville Saint-Tropez
66%
Danse popularisée par La Cité de la Peur Carioca
62%
Nom de famille de "François" dans de nombreux films de Francis Veber comme Le Dîner de cons ou Le Placard Pignon
53%
Scribe qui ne croit pas qu'il y ait "de bonnes ou de mauvaises situations" Otis
44%
Produit dont le secret de fabrication est détenu par une tribu dans RRRrrrr!!! Shampoing
43%
Ours ami de la souris Célestine Ernest
38%
Film d'où est extraite cette citation : “Les cons, ça ose tout ! C'est même à ça qu'on les reconnaît. Les Tontons Flingueurs
37%
Il est originaire de Montargis dans Tais-toi ! Quentin
31%
Animal "en hiver" selon le titre d'un film de 1962 avec Belmondo Singe
30%
Film caché {Les} {Quatre} {Cents} {Coups}
22%
Acteur ayant interprété Manech dans Un long dimanche de fiançailles Gaspard Ulliel
19%
Film où Lino Ventura joue le rôle d'un tueur à gages gêné par Jacques Brel L'Emmerdeur
18%
Aucun quiz correspondant
Distribution des résultats
% des personnes avec chaque résultat
Percentile par nombre de réponses
Votre historique - résultats
Vous n’avez pas pris ce quiz depuis la dernière actualisation